[Event "Vlissingen HZ op"]
[Site "Vlissingen"]
[Date "2000.08.03"]
[Round "7"]
[White "Nijboer, Friso"]
[Black "Epishin, Vladimir"]
[Result "1/2-1/2"]
[WhiteElo "2537"]
[BlackElo "2567"]
[PlyCount "75"]
[EventDate "2000.07.29"]
[Source "www.chesslib.no"]
[SourceDate "2004.05.04"]

1. e4 c6 2. Nc3 d5 3. Nf3 Bg4 4. h3 Bxf3 5. Qxf3 dxe4 6. Nxe4 e6 7. b3 Be7 8. Bb2 Nf6 9. Nxf6+ Bxf6 10. Bxf6 Qxf6 11. Qxf6 gxf6 12. d4 Nd7 13. O-O-O Ke7 14. Be2 h5 15. g4 hxg4 16. hxg4 Rxh1 17. Rxh1 Rd8 18. Bf3 Nb6 19. c3 Nc8 20. Kc2 Nd6 21. a4 f5 22. gxf5 Nxf5 23. a5 Rc8 24. Kd3 Nd6 25. b4 b6 26. axb6 axb6 27. Ra1 c5 28. Ra7+ Kd8 29. dxc5 bxc5 30. b5 Nxb5 31. Rxf7 Nd6 32. Rh7 Rc7 33. Rh8+ Ke7 34. Bg4 c4+ 35. Kc2 Ne4 36. Rh7+ Kd6 37. Rxc7 Kxc7 38. Bxe6 1/2-1/2

[Event "RUS-ch KO"]
[Site "Moscow"]
[Date "1999.12.17"]
[Round "2.1"]
[White "Popov, Valerij"]
[Black "Burmakin, Vladimir"]
[Result "1/2-1/2"]
[WhiteElo "2523"]
[BlackElo "2579"]
[PlyCount "55"]
[EventDate "1999.12.04"]
[Source "ChessBase"]
[SourceDate "2000.04.05"]

1. e4 c6 2. Nc3 d5 3. Nf3 Bg4 4. h3 Bxf3 5. Qxf3 e6 6. g3 Nd7 7. Bg2 Ngf6 8. d4 dxe4 9. Nxe4 Nxe4 10. Qxe4 Qa5+ 11. c3 Qd5 12. O-O Qxe4 13. Bxe4 Bd6 14. c4 O-O-O 15. Be3 Kb8 16. Bg2 Nf6 17. Rab1 Rc8 18. b4 b5 19. c5 Be7 20. a4 a6 21. Ra1 Kb7 22. Bg5 Rce8 23. Ra3 h6 24. Bxf6 Bxf6 25. Rfa1 bxa4 26. Rxa4 Bxd4 27. R1a2 Rb8 28. b5 1/2-1/2

[Event "XXX Open"]
[Site "Andorra la Vella"]
[Date "2003.??.??"]
[Round "4"]
[White "De la Villa Garcia, Jesus Maria"]
[Black "Khenkin, Igor"]
[Result "1/2-1/2"]
[WhiteElo "2465"]
[BlackElo "2635"]
[PlyCount "121"]
[EventDate "2003.07.05"]
[Source "Roberto Alvarez"]
[SourceDate "2003.07.21"]

1. e4 c6 2. Nc3 d5 3. Nf3 Bg4 4. h3 Bxf3 5. Qxf3 e6 6. Be2 Nd7 7. O-O g6 8. d4 Bg7 9. exd5 exd5 10. Re1 Ne7 11. Bg5 O-O 12. Bd3 Re8 13. Ne2 Nf8 14. c3 Qd7 15. h4 Nc8 16. Ng3 Nd6 17. Bf6 Re6 18. Rxe6 Qxe6 19. Bxg7 Kxg7 20. Qe2 a5 21. a4 Re8 22. Qxe6 Nxe6 23. Ne2 c5 24. Bb5 Nxb5 25. axb5 cxd4 26. cxd4 b6 27. Rc1 Nc7 28. Rxc7 Rxe2 29. Rb7 Rxb2 30. Rxb6 Rb1+ 31. Kh2 Rb4 32. g3 Rxd4 33. Rd6 a4 34. b6 Rb4 35. Rxd5 Rxb6 36. Ra5 Rb4 37. h5 Kh6 38. f4 gxh5 39. Kh3 f6 40. Kh4 Kg6 41. Rxh5 Rb1 42. Ra5 Rh1+ 43. Kg4 h5+ 44. Kf3 Ra1 45. Kg2 a3 46. Kf3 a2 47. Kg2 Kf7 48. Ra6 Ke7 49. Ra7+ Ke6 50. Ra5 Kd6 51. Ra8 Kd5 52. Ra4 Kc5 53. Ra8 Kd4 54. Ra4+ Ke3 55. Ra3+ Ke4 56. Ra5 Kd4 57. Ra8 Kd3 58. Ra3+ Ke4 59. Ra5 h4 60. gxh4 Kxf4 61. h5 1/2-1/2

[Event "Moscow"]
[Site "?"]
[Date "2004.??.??"]
[Round "?"]
[White "Berg, E."]
[Black "Galkin, A."]
[Result "1/2-1/2"]
[WhiteElo "2495"]
[BlackElo "2605"]
[PlyCount "57"]
[EventDate "2004.??.??"]
[Source "Chess Informant"]
[SourceDate "2004.06.01"]

1. e4 c6 2. Nc3 d5 3. Nf3 Bg4 4. h3 Bxf3 5. Qxf3 e6 6. g3 Nf6 7. Bg2 Nbd7 8. d4 Bb4 9. e5 Ne4 10. O-O Nxc3 11. bxc3 Be7 12. Qd3 O-O 13. f4 f5 14. exf6 Bxf6 15. g4 Rf7 16. Bd2 Nf8 17. Rae1 b5 18. g5 Be7 19. h4 Bd6 20. Bh3 Qc7 21. Rxe6 Bxf4 22. Bxf4 Rxf4 23. Rxf4 Qxf4 24. Qe3 Qxe3+ 25. Rxe3 Kf7 26. Rf3+ Ke7 27. Re3+ Kf7 28. Rf3+ Ke7 29. Re3+ 1/2-1/2

[Event "Tilburg"]
[Site "Tilburg"]
[Date "1993.??.??"]
[Round "1"]
[White "Djuric, Stefan"]
[Black "Vyzmanavin, Alexey"]
[Result "0-1"]
[WhiteElo "2495"]
[BlackElo "2605"]
[PlyCount "124"]
[EventDate "1993.11.??"]
[Source "ChessBase"]

1. e4 c6 2. Nc3 d5 3. Nf3 Bg4 4. h3 Bxf3 5. Qxf3 Nf6 6. exd5 cxd5 7. Bb5+ Nc6 8. O-O e6 9. d4 Be7 10. Ne2 Qb6 11. Ba4 O-O 12. c3 Qc7 13. Bc2 b5 14. Bf4 Qb7 15. a4 b4 16. a5 a6 17. Nc1 Rfc8 18. Nb3 bxc3 19. bxc3 Na7 20. Rfc1 Qd7 21. Be5 Nb5 22. Bxf6 Bxf6 23. Nc5 Qd8 24. Bd3 Be7 25. Bxb5 axb5 26. Nd3 Rxa5 27. Ne5 Bf6 28. Ng4 Bg5 29. Rcb1 Rxa1 30. Rxa1 Qc7 31. Ne5 Bf6 32. Ng4 Be7 33. Ne5 Bd6 34. Qe3 Bxe5 35. dxe5 h6 36. Ra3 Qc5 37. Ra8 Qc4 38. Rxc8+ Qxc8 39. f4 Qc4 40. Qd2 Qe4 41. Kf2 Kh7 42. g4 g5 43. fxg5 Qxe5 44. Qd3+ Qe4 45. Qxb5 hxg5 46. Qb4 Qf4+ 47. Kg2 Kg7 48. Qb2 e5 49. Qe2 e4 50. Qd1 e3 51. Qd4+ Kg8 52. Qxf4 gxf4 53. Kf3 f6 54. Ke2 Kf7 55. Kd3 Ke6 56. Ke2 Kd6 57. Kd3 Ke5 58. h4 Ke6 59. Ke2 Kd6 60. Kd3 Ke5 61. Kc2 f3 62. Kd3 Kf4 0-1

[Event "JUG-Cup"]
[Site "Herceg Novi"]
[Date "2000.??.??"]
[Round "2"]
[White "Nevednichy, Vladislav"]
[Black "Lastin, Alexander"]
[Result "0-1"]
[WhiteElo "2589"]
[BlackElo "2510"]
[PlyCount "86"]
[EventDate "2000.??.??"]
[Source "www.chesslib.no"]
[SourceDate "2004.05.04"]

1. e4 c6 2. Nf3 d5 3. Nc3 Bg4 4. h3 Bxf3 5. Qxf3 e6 6. d3 Nd7 7. Bd2 g6 8. g4 Bg7 9. h4 h5 10. g5 Ne7 11. Qe2 Qb6 12. Rb1 Qc5 13. b4 Qd6 14. f4 e5 15. Bh3 d4 16. Na4 exf4 17. O-O Be5 18. Qf3 b6 19. Bxf4 O-O 20. Bxe5 Nxe5 21. Qg3 f6 22. gxf6 Rxf6 23. Rxf6 Qxf6 24. Rf1 Qd6 25. Qf4 Kg7 26. Kg2 Ng8 27. a3 Nf6 28. Qg3 Qe7 29. Qg5 Rf8 30. Kh1 Qd6 31. Qg3 Nfg4 32. c3 dxc3 33. Nxc3 Rd8 34. Bxg4 Nxg4 35. Qxd6 Rxd6 36. Rf3 Ne5 37. Re3 Rxd3 38. Rxd3 Nxd3 39. Kg2 Kf6 40. Kf3 Ke5 41. Ke3 Nf4 42. Kf3 Ne6 43. a4 g5 0-1

[Event "Elista ol (Men)"]
[Site "Elista"]
[Date "1998.10.09"]
[Round "10"]
[White "Sulskis, Sarunas"]
[Black "Antonio, Rogelio Jr"]
[Result "1/2-1/2"]
[WhiteElo "2555"]
[BlackElo "2540"]
[PlyCount "105"]
[EventDate "1998.09.29"]
[Source "ChessBase"]
[SourceDate "1998.11.06"]

1. e4 c6 2. Nc3 d5 3. Nf3 Bg4 4. h3 Bxf3 5. Qxf3 Nf6 6. d3 e6 7. Be2 Bb4 8. O-O Nbd7 9. Qg3 O-O 10. Bh6 Ne8 11. Bg5 Be7 12. Bf4 Bh4 13. Qh2 Bg5 14. Bxg5 Qxg5 15. d4 Qe7 16. Qg3 Nd6 17. Bd3 dxe4 18. Bxe4 Nxe4 19. Nxe4 Nf6 20. Qh4 Rad8 21. c3 Rfe8 22. Nxf6+ Qxf6 23. Qxf6 gxf6 24. f4 e5 25. dxe5 fxe5 26. fxe5 Rxe5 27. Rf2 Rd7 28. Raf1 Red5 29. Kh2 Rd2 30. Kg3 Kg7 31. Rxd2 Rxd2 32. Rf2 Rd5 33. a4 f6 34. Rf4 Rd2 35. b4 Rd3+ 36. Rf3 Rd5 37. Kf4 Kf7 38. a5 b6 39. a6 c5 40. Ke4 Re5+ 41. Kd3 b5 42. bxc5 Rxc5 43. Kd4 Re5 44. Rf4 Ke6 45. Rh4 Rd5+ 46. Ke3 Rd6 47. Rxh7 Rxa6 48. Rb7 Ra2 49. Rxb5 Rxg2 50. Kf3 Rh2 51. Kg3 Rd2 52. Rc5 a5 53. Rxa5 1/2-1/2

[Event "Novi Sad ol (Men)"]
[Site "Novi Sad YUG"]
[Date "1990.??.??"]
[Round "14"]
[White "Van der Wiel, John T H"]
[Black "Lobron, Eric"]
[Result "1/2-1/2"]
[WhiteElo "2550"]
[BlackElo "2545"]
[PlyCount "45"]
[EventDate "1990.11.??"]
[Source "www.chesslib.no"]
[SourceDate "2004.05.04"]

1. e4 c6 2. Nc3 d5 3. Nf3 Bg4 4. h3 Bxf3 5. Qxf3 e6 6. g3 Nf6 7. Bg2 dxe4 8. Nxe4 Nxe4 9. Qxe4 Qd5 10. O-O Qxe4 11. Bxe4 Nd7 12. d4 Be7 13. c4 Nb6 14. b3 Bf6 15. Be3 O-O 16. Rad1 Nc8 17. g4 Nd6 18. Bg2 Rfd8 19. f4 g6 20. a4 Rd7 21. Rd2 a6 22. Rc1 Rad8 23. Kf2 1/2-1/2

[Event "Elgoibar"]
[Site "Elgoibar"]
[Date "1996.??.??"]
[Round "3"]
[White "Korneev, Oleg"]
[Black "Izeta Txabarri, Felix"]
[Result "0-1"]
[WhiteElo "2565"]
[BlackElo "2525"]
[PlyCount "50"]
[EventDate "1996.11.??"]
[Source "ChessBase"]

1. e4 c6 2. Nc3 d5 3. Nf3 Bg4 4. h3 Bxf3 5. Qxf3 Nf6 6. d3 e6 7. Bd2 Be7 8. g4 O-O 9. h4 d4 10. Ne2 c5 11. Ng3 Nc6 12. g5 Nd7 13. Be2 Nb4 14. Bxb4 cxb4 15. O-O Rc8 16. Bd1 Bd6 17. e5 Nxe5 18. Qxb7 f6 19. Qxa7 fxg5 20. h5 Bb8 21. Qb7 g4 22. Qe4 Qh4 23. a3 Rxc2 24. axb4 Nf3+ 25. Bxf3 Bxg3 0-1

[Event "Ch St. Petersburg"]
[Site "St. Petersburg (Russia)"]
[Date "2007.06.06"]
[Round "9"]
[White "Yemelin Vasily (RUS)"]
[Black "Yevseev Denis (RUS)"]
[Result "1/2-1/2"]
[WhiteElo "2564"]
[BlackElo "2525"]
[PlyCount "124"]
[EventDate "2007.??.??"]
[Source "www.chesslib.no"]
[SourceDate "2004.05.04"]

1. e4 c6 2. Nc3 d5 3. Nf3 Bg4 4. h3 Bxf3 5. Qxf3 e6 6. d3 Nf6 7. Be2 Bc5 8. O-O O-O 9. Rd1 Bd4 10. Nb1 Nbd7 11. c3 Bb6 12. Bf4 Bc7 13. Nd2 Qb8 14. Bxc7 Qxc7 15. d4 Nxe4 16. Nxe4 dxe4 17. Qxe4 Nf6 18. Qe5 Rac8 19. Rd2 Rfd8 20. Rad1 Rd5 21. Qxc7 Rxc7 22. Bf3 Rd8 23. Kf1 Rcd7 24. Ke2 g6 25. g3 Kg7 26. Rd3 Ne8 27. b3 Nd6 28. Re3 Nf5 29. Re5 Rd6 30. Ra5 a6 31. Ke1 Ne7 32. Re5 Nd5 33. Kd2 h5 34. h4 Nf6 35. Kc2 Nd7 36. Re3 Nf6 37. Re5 Nd7 38. Re3 Nf6 39. Rd2 Nd5 40. Red3 Ne7 41. Rd1 R6d7 42. Re3 Nf5 43. Re5 Kf6 44. b4 Nd6 45. Kb3 Kg7 46. a4 Rc7 47. Be2 Rcd7 48. Bd3 Kf6 49. Ra1 Rc7 50. Kc2 Kg7 51. Rb1 Ra8 52. Bf1 Rac8 53. Re3 Ra8 54. Rd1 Rd8 55. Kb3 Kf8 56. Bg2 Rcd7 57. Red3 Nf5 58. Kc4 Ke7 59. Re1 Kd6 60. Kb3 Kc7 61. Kc2 Nd6 62. Red1 a5 1/2-1/2

[Event "Moscow RUS"]
[Site "?"]
[Date "2004.02.25"]
[Round "9"]
[White "Nepomniashchy Yan"]
[Black "Riazantsev Alexander"]
[Result "1/2-1/2"]
[WhiteElo "2492"]
[BlackElo "2596"]
[PlyCount "48"]
[EventDate "2004.??.??"]
[Source "www.chesslib.no"]
[SourceDate "2004.05.04"]

1. e4 c6 2. Nc3 d5 3. Nf3 Bg4 4. h3 Bxf3 5. Qxf3 e6 6. d4 Nf6 7. Bd3 dxe4 8. Nxe4 Nxe4 9. Qxe4 Nd7 10. c3 Nf6 11. Qe2 Bd6 12. O-O Qc7 13. Re1 Bf4 14. Qf3 Bxc1 15. Raxc1 O-O 16. Re2 Rfd8 17. Bc2 Rd7 18. Rce1 Rad8 19. Re5 Rd5 20. Bb3 Rxe5 21. Rxe5 Nd7 22. Re2 Nf6 23. g3 h6 24. h4 b6 1/2-1/2

[Event "Moscow RUS"]
[Site "?"]
[Date "2004.02.22"]
[Round "6"]
[White "Pridorozhni Aleksei"]
[Black "Riazantsev Alexander"]
[Result "1/2-1/2"]
[WhiteElo "2491"]
[BlackElo "2596"]
[PlyCount "36"]
[EventDate "2004.??.??"]
[Source "www.chesslib.no"]
[SourceDate "2004.05.04"]

1. e4 c6 2. Nc3 d5 3. Nf3 Bg4 4. d4 e6 5. Bd3 Nd7 6. O-O dxe4 7. Nxe4 Ngf6 8. h3 Bh5 9. Ng3 Bg6 10. Re1 Be7 11. Ne5 Bxd3 12. Nxd3 O-O 13. Bg5 Nd5 14. Bxe7 Nxe7 15. Ne4 Nf5 16. c3 Nf6 17. Nxf6+ Qxf6 18. Qf3 Qd8 1/2-1/2

[Event "79 ARG-ch Bolsa de Comercio"]
[Site "Buenos Aires"]
[Date "2004.09.29"]
[Round "7"]
[White "Felgaer, Ruben"]
[Black "Valerga, Diego"]
[Result "1-0"]
[WhiteElo "2587"]
[BlackElo "2498"]
[PlyCount "81"]
[EventDate "2004.09.24"]
[Source "Roberto Alvarez"]
[SourceDate "2004.10.05"]

1. e4 c6 2. Nc3 d5 3. Nf3 Bg4 4. h3 Bxf3 5. Qxf3 Nf6 6. d3 e6 7. Bd2 Qb6 8. g4 d4 9. Nd1 h6 10. e5 Nfd7 11. Qe2 Qc5 12. f4 Qxc2 13. Rc1 Qa4 14. Bg2 Na6 15. O-O Qb5 16. Nf2 O-O-O 17. b4 Nb6 18. a3 Nd5 19. Ne4 Qb6 20. Rc4 Ne3 21. Bxe3 dxe3 22. b5 Qxb5 23. Qxe3 Qb6 24. d4 Nc7 25. Nc3 Nd5 26. Nxd5 exd5 27. Rc3 Be7 28. Qd3 f6 29. Rb1 Qc7 30. Qc2 fxe5 31. fxe5 Rhf8 32. Bf1 c5 33. Qg6 c4 34. Bg2 Kb8 35. Rb5 a6 36. Qxa6 Rd7 37. Qe6 Bh4 38. Bxd5 Rdf7 39. Bxb7 Rf1+ 40. Kh2 Ka7 41. Qa6+ 1-0

[Event "Minsk"]
[Site "?"]
[Date "2006.07.16"]
[Round "7"]
[White "Azarov Sergei"]
[Black "Andreikin Dmitri"]
[Result "1/2-1/2"]
[WhiteElo "2579"]
[BlackElo "2503"]
[PlyCount "44"]
[EventDate "2006.??.??"]
[Source "www.chesslib.no"]
[SourceDate "2004.05.04"]

1. e4 c6 2. Nc3 d5 3. Nf3 Bg4 4. h3 Bxf3 5. Qxf3 e6 6. d4 Qb6 7. Qe3 Nf6 8. Bd3 dxe4 9. Nxe4 Nd5 10. Qg3 Qxd4 11. c3 Qb6 12. c4 Nf6 13. O-O Nxe4 14. Bxe4 Qd4 15. Bf4 Nd7 16. Qf3 Qf6 17. Rad1 Rd8 18. Qg3 Be7 19. Bc7 Rc8 20. Bf4 Rd8 21. Bc7 Rc8 22. Bf4 Rd8 1/2-1/2

[Event "Vienna op"]
[Site "Vienna"]
[Date "1996.??.??"]
[Round "2"]
[White "Tkachiev, Vladislav"]
[Black "Podgaets, Mikhail"]
[Result "1-0"]
[WhiteElo "2620"]
[BlackElo "2460"]
[PlyCount "51"]
[EventDate "1996.08.??"]
[Source "ChessBase"]

1. e4 c6 2. Nc3 d5 3. Nf3 Bg4 4. h3 Bxf3 5. Qxf3 Nf6 6. d3 e6 7. Qg3 Na6 8. Be2 dxe4 9. dxe4 Nc5 10. Bf3 g6 11. Bg5 Be7 12. Rd1 Nfd7 13. Be3 Bh4 14. Qf4 e5 15. Qh6 Qe7 16. Bg4 Bf6 17. O-O Ne6 18. Bxe6 Qxe6 19. Rd3 O-O-O 20. Bxa7 Qe7 21. Nd5 Qe6 22. Qd2 Be7 23. Qa5 Bd6 24. Rfd1 f5 25. Nb6+ Nxb6 26. Bxb6 1-0

[Event "Yerevan (ol)"]
[Site "?"]
[Date "1996.??.??"]
[Round "?"]
[White "Van der Wiel, J."]
[Black "Becerra Rivero, J."]
[Result "1-0"]
[WhiteElo "2535"]
[BlackElo "2545"]
[PlyCount "109"]
[EventDate "1996.??.??"]
[Source "ChessBase"]
[SourceDate "1996.10.01"]

1. e4 c6 2. Nc3 d5 3. Nf3 Bg4 4. h3 Bxf3 5. Qxf3 e6 6. d3 Nf6 7. Bd2 Bb4 8. e5 Nfd7 9. Qg4 Bf8 10. f4 b5 11. g3 Qb6 12. Bg2 a5 13. Nd1 g6 14. h4 h5 15. Qe2 Na6 16. c3 b4 17. Be3 Bc5 18. d4 Be7 19. c4 Nc7 20. c5 Qb5 21. Qc2 a4 22. Bf1 Qa5 23. Bd3 Nb5 24. O-O Rg8 25. Kh2 Nb8 26. f5 gxf5 27. Bxf5 exf5 28. Qxf5 Rf8 29. Qxh5 Na6 30. Rxf7 Rxf7 31. e6 O-O-O 32. exf7 Qc7 33. Nf2 Bxh4 34. Bf4 Qe7 35. Qg4+ Kb7 36. Qxh4 Qxh4+ 37. gxh4 Rf8 38. Be5 Rxf7 39. Kg3 a3 40. bxa3 bxa3 41. Rb1 Nac7 42. Nh3 Kc8 43. Nf4 Nc3 44. Rc1 N7b5 45. Rc2 Nd1 46. h5 Ne3 47. Re2 Nf5+ 48. Kg4 Nc3 49. Rh2 Ne3+ 50. Kg5 Ne4+ 51. Kg6 Rf5 52. h6 Rg5+ 53. Kf7 Kd7 54. Rh5 Ng4 55. Rxg5 1-0